Countries With Red, White, and Blue Flags - Statistics

General Stats
  • This quiz has been taken 260 times
    246 since last reset
  • The average score is 18 of 24
Answer Stats
Continent Starts with Country % Correct
Oceania A Australia
97%
Europe F France
87%
North America U The USA
85%
South America C Chile
84%
North America (Caribbean) C Cuba
83%
Europe and Asia R Russia
83%
Europe N The Netherlands
82%
Europe U United Kingdom
82%
Oceania N New Zealand
81%
Asia C Cambodia
79%
Europe I Iceland
78%
Europe L Luxembourg
78%
North America C Costa Rica
77%
Europe N Norway
74%
North America P Panama
74%
Europe S Slovakia
74%
Asia L Laos
73%
Asia T Thailand
73%
Europe C Czech Republic
71%
Africa L Liberia
68%
Asia N Nepal
68%
Oceania S Samoa
67%
Asia N North Korea
61%
Asia T Taiwan
59%
No matching quizzes found
Score Distribution
Percent of People with Each Score
Percentile by Number Answered
Your Score History
You have not taken this quiz since the last reset